000 00516 a2200205 4500
005 20260512163806.0
008 260512b |||||||| |||| 00| 0 eng d
020 _a9789390179367
_cRs. 350.00
040 _aMAIN
082 _a737.49544
_bT952B
100 _aTyagi, Bhageshwar Prasad
245 _aBikaner ke aitihasik sikke
260 _bRajasthani Granthgar
_c2021
_aJodhpur
300 _a104
650 _aHistory
650 _aNumismatics
650 _aCoins
650 _aBikaner Region
942 _cBK
999 _c395020
_d395020